Deviance, conformity, and social control in Canada / (Record no. 958)

000 -LEADER
fixed length control field 01254cam a2200385 a 4500
003 - CONTROL NUMBER IDENTIFIER
control field CaAEU
005 - DATE AND TIME OF LATEST TRANSACTION
control field 20210623060735.0
008 - FIXED-LENGTH DATA ELEMENTS--GENERAL INFORMATION
fixed length control field 090925s2011 oncac b 001 0 eng
020 ## - INTERNATIONAL STANDARD BOOK NUMBER
International Standard Book Number 9780132459310 :
040 ## - CATALOGING SOURCE
Transcribing agency CaOONL
043 ## - GEOGRAPHIC AREA CODE
Geographic area code n-cn---
050 ## - LIBRARY OF CONGRESS CALL NUMBER
Classification number HM811
Item number .B47 2011
055 #3 - CLASSIFICATION NUMBERS ASSIGNED IN CANADA
Classification number HM811
Item number B47 2011
090 ## - LOCALLY ASSIGNED LC-TYPE CALL NUMBER (OCLC); LOCAL CALL NUMBER (RLIN)
Classification number (OCLC) (R) ; Classification number, CALL (RLIN) (NR) HM 811 B47 2011
Local cutter number (OCLC) ; Book number/undivided call number, CALL (RLIN) AEU
100 1# - MAIN ENTRY--PERSONAL NAME
Personal name Bereska, Tami M.
Dates associated with a name 1968-
245 10 - TITLE STATEMENT
Title Deviance, conformity, and social control in Canada /
Statement of responsibility, etc. Tami M. Bereska.
250 ## - EDITION STATEMENT
Edition statement 3rd ed.
260 ## - PUBLICATION, DISTRIBUTION, ETC.
Place of publication, distribution, etc. Toronto :
Name of publisher, distributor, etc. Pearson Canada,
Date of publication, distribution, etc. c2011.
300 ## - PHYSICAL DESCRIPTION
Extent xiv, 353 p. :
Other physical details ill., ports. ;
Dimensions 24 cm.
336 ## - CONTENT TYPE
Content type term text
Content type code txt
Source rdacontent
337 ## - MEDIA TYPE
Media type term unmediated
Media type code n
Source rdamedia
338 ## - CARRIER TYPE
Carrier type term volume
Carrier type code nc
Source rdacarrier
504 ## - BIBLIOGRAPHY, ETC. NOTE
Bibliography, etc. note Includes bibliographical references and index.
650 #0 - SUBJECT ADDED ENTRY--TOPICAL TERM
Topical term or geographic name entry element Deviant behavior
Form subdivision Textbooks.
650 #0 - SUBJECT ADDED ENTRY--TOPICAL TERM
Topical term or geographic name entry element Conformity
Form subdivision Textbooks.
650 #0 - SUBJECT ADDED ENTRY--TOPICAL TERM
Topical term or geographic name entry element Social control
Form subdivision Textbooks.
942 ## - ADDED ENTRY ELEMENTS (KOHA)
Institution code [OBSOLETE] hsw1okq3tsvhuozhsk5934fjesgv4m2n
Source of classification or shelving scheme
Koha item type Book
Suppress in OPAC SO
948 ## - LOCAL PROCESSING INFORMATION (OCLC); SERIES PART DESIGNATOR (RLIN)
Series part designator, SPT (RLIN) 01/12/2011
b (OCLC) 04/27/2011
z (OCLC) Sirsi
Holdings
Withdrawn status Lost status Source of classification or shelving scheme Damaged status Not for loan Permanent Location Current Location Shelving location Date acquired Total Checkouts Full call number Barcode Date last seen Copy number Price effective from Koha item type Public note
          AU LIBRARY AU LIBRARY Open Shelf 23.06.2021   HM811 .B47 2011 C2 28003102 23.06.2021 2 23.06.2021 Book SO
          AU LIBRARY AU LIBRARY Open Shelf 23.06.2021   HM811 .B47 2011 C1 28000282 23.06.2021 1 23.06.2021 Book SO

Powered by Koha